Die schweizerische nahrungsmittelindustrie : Struktur und entwicklungstendenzen

Saved in:
Bibliographic Details
Main Author: Wyler, Dr. Georg
Format: Book
Language:Undetermined
Published: Switzerland Schweizerischen Bankgesellschaft 1980
Subjects:
Tags: Add Tag
No Tags, Be the first to tag this record!
Institutions: Trung tâm Học liệu Trường Đại học Cần Thơ
LEADER 00563nam a2200193Ia 4500
001 CTU_77437
008 210402s9999 xx 000 0 und d
082 |a 338 
082 |b W983 
100 |a Wyler, Dr. Georg 
245 0 |a Die schweizerische nahrungsmittelindustrie : 
245 0 |b Struktur und entwicklungstendenzen 
245 0 |c Dr. Georg Wyler 
260 |a Switzerland 
260 |b Schweizerischen Bankgesellschaft 
260 |c 1980 
650 |a Food engineering 
904 |i Trọng Hải 
980 |a Trung tâm Học liệu Trường Đại học Cần Thơ